| 000 | 00776nam a2200277Ia 4500 | ||
|---|---|---|---|
| 001 | Para_3839 | ||
| 003 | CHAP | ||
| 008 | 220125s1949 xx 000 0 und d | ||
| 010 | _a202360 | ||
| 040 | _cCHAP | ||
| 090 | _aPA FOLLETO 1060 | ||
| 100 |
_aMrak, E. M _979233 |
||
| 245 |
_aSun-drying fruits / _c E. M. Mrak and H. J. Phaff |
||
| 260 |
_aBerkely, Cal. : _b University of California |
||
| 300 | _a19 p. | ||
| 440 |
_aCalifornia Agr. Exp. Sta. Circular; 392 _9167516 |
||
| 650 |
_aFrutas y legumbres _x Deshidratación _943680 |
||
| 700 |
_aPhaff, H. J. _987758 |
||
| 901 | _aPA FOLLETO 1060 | ||
| 902 | _aA | ||
| 905 | _a0000001949 BER 0000000000 00 | ||
| 910 | _a1949 | ||
| 942 | _cPARA | ||
| 942 |
_cPARA _d1 |
||
| 999 |
_c202360 _d202360 |
||